Le quiz des années 2020 - Statistiques

Statistiques générales
  • Ce quiz a été pris 246 fois
  • Le résultat moyen est 16 sur 30
Statistiques - réponses
Question Réponse % Correct
Président américain entré en fonction le 20 janvier 2025 pour un deuxième mandat de 4 ans Donald Trump
94%
Reine du Royaume-Uni et de 14 autres pays qui est décédée le 8 septembre 2022 Elisabeth II
91%
Quelle pratique de travail s'est développée lors du confinement en 2020 ? Le télétravail
81%
Réseau social chinois ayant connu un succès mondial à partir de 2020 TikTok
81%
Application d'intelligence artificielle générative développée par OpenAI et lancée en 2022 ChatGPT
80%
Chanteuse française la plus écoutée à travers le monde, ayant chanté sur le pont des Arts lors de la cérémonie d'ouverture des Jeux olympiques de Paris en 2024 Aya Nakamura
78%
Président du pays attaqué par la Russie depuis le 24 février 2022 Volodymyr Zelensky
77%
Equipe championne du monde de football en 2022 en battant la France aux tirs au but Argentine
75%
Pays dans lequel l'ancien président Jair Bolsonaro a été condamné en 2025 pour tentative de coup d'Etat Brésil
72%
Pays dans lequel la loi martiale a été déclarée pour quelques heures avant que le président Yoon suk-yeol ne soit destitué Corée du Sud
72%
Jeu vidéo très attendu dans le monde entier et qui doit sortir le 19 novembre 2026 GTA 6
69%
Film de 2023 suivant le père fondateur de la bombe atomique américaine lors de la Deuxième Guerre mondiale Oppenheimer
60%
Territoire palestinien envahi et occupé par Israël depuis le 27 octobre 2023 Bande de Gaza
59%
Tennisman espagnol, le plus jeune de l'histoire à réaliser le Grand Chelem en carrière à 22 ans Carlos Alcaraz
59%
Pilote de Formule 1 néerlandais, champion du monde à 4 reprises entre 2021 et 2024 Max Verstappen
59%
Equipe championne du monde de rugby en 2023 pour la deuxième fois consécutive Afrique du Sud
57%
Film français réalisé par Artus, immense succès de l'année 2024 Un p'tit truc en plus
54%
Chanteur français, vainqueur de la Star Academy et interprète de Ceux qu'on était Pierre Garnier
53%
Equipe d'e-sport fondée notamment par Squeezie et Gotaga en 2023 Gentle Mates
45%
Tube mondial de Harry Styles en 2022 As It Was
44%
Journaliste français qui fait ses adieux au 13H de TF1 le 18 décembre 2020 Jean-Pierre Pernaut
44%
Perchiste suédois auteur de nombreux records du monde, notamment aux Jeux olympiques de Paris en 2024 Armand Duplantis
43%
Chanteuse française qui termine 2ème de l'Eurovision 2021 Barbara Pravi
34%
Chanson interprétée par Céline Dion sur la Tour Eiffel lors de la cérémonie d'ouverture des jeux olympiques de Paris en 2024 L'hymne à l'amour
30%
Chanteur du groupe Maneskin, vainqueur de l'Eurovision en 2021 qui connaît un grand succès en solo Damiano David
28%
Matinale de TF1 lancée en 2024 et animée par Bruce Toussaint Bonjour !
18%
Emission célèbre diffusée entre 1998 et 2004 sur TF1 ayant fait son retour en 2025 sur RMC Story Le Bigdil
18%
Quelle technologie, présente notamment dans les téléphones permet au paiement électronique de se développer très rapidement dans les années 2020 ? NFC
18%
Quel événement met un coup d'arrêt à la production de films et de séries à Hollywood en 2023 ? Grève des scénaristes
17%
Ville où se situe le camp de base de l'équipe de France de football pour l'Euro 2024 Paderborn
1%
Aucun quiz correspondant
Distribution des résultats
% des personnes avec chaque résultat
Percentile par nombre de réponses
Votre historique - résultats
Vous n’avez pas pris ce quiz